000 00299nam a22001337a 4500
008 171228b xxu||||| |||| 00| 0 eng d
020 _a9780256100471
041 _aeng
080 _a330
100 _a61
101 _aKON
245 _aAccounting Research Methods
_cWallace, W.A
942 _2udc
_cBK
999 _c39533
_d39533